| 000 | 00477cam a2200169 a 4500 | ||
|---|---|---|---|
| 020 | _a007043316X | ||
| 040 | _cDLC | ||
| 082 | 0 | 0 | _a530 MCG 1999 Or. |
| 100 | 1 | _aMorse, Philip M. | |
| 245 | 1 | 0 | _aMethods of theoretical physics / |
| 260 |
_aBoston, Mass. : _bMcGraw-Hill, _c[1999?]- |
||
| 300 |
_av. <1 > : _bill. ; _c24 cm. |
||
| 500 | _aOriginally published: New York : McGraw-Hill, c1953. | ||
| 650 | 0 | _aMathematical physics. | |
| 700 | 1 | _aFeshbach, Herman. | |
| 942 | _cEK | ||
| 999 |
_c11853 _d11853 |
||